<?xml version="1.0" encoding="UTF-8"?>
<collection xmlns="http://www.loc.gov/MARC21/slim">
 <record>
  <leader>01551nam a22002417a 4500</leader>
  <controlfield tag="001">NCT_60684</controlfield>
  <controlfield tag="008">190227b        xxu||||| |||| 00| 0 vie d</controlfield>
  <datafield tag="999" ind1=" " ind2=" ">
   <subfield code="c">2942</subfield>
   <subfield code="d">2942</subfield>
  </datafield>
  <datafield tag="020" ind1=" " ind2=" ">
   <subfield code="c">75000</subfield>
  </datafield>
  <datafield tag="082" ind1="0" ind2="4">
   <subfield code="2">23rd ed.</subfield>
   <subfield code="a">616.8</subfield>
   <subfield code="b">H312</subfield>
  </datafield>
  <datafield tag="100" ind1="1" ind2=" ">
   <subfield code="a">Lê Đức Hinh</subfield>
  </datafield>
  <datafield tag="245" ind1="1" ind2="0">
   <subfield code="a">Thần kinh học trong thực hành đa khoa</subfield>
   <subfield code="c">Lê Đức Hinh</subfield>
  </datafield>
  <datafield tag="260" ind1=" " ind2=" ">
   <subfield code="a">H.</subfield>
   <subfield code="b">Y học</subfield>
   <subfield code="c">2009</subfield>
  </datafield>
  <datafield tag="300" ind1=" " ind2=" ">
   <subfield code="a">422 tr.</subfield>
   <subfield code="c">21cm</subfield>
  </datafield>
  <datafield tag="520" ind1="3" ind2=" ">
   <subfield code="a">Sách cập nhật những kiến thức mới về một số bệnh lý thần kinh và có 3 phần: Đại cương, Một số hội chứng lâm sàng, Thuốc sử dụng trong lâm sàng thần kinh.</subfield>
  </datafield>
  <datafield tag="653" ind1=" " ind2=" ">
   <subfield code="a">Y Đa khoa</subfield>
  </datafield>
  <datafield tag="942" ind1=" " ind2=" ">
   <subfield code="2">ddc</subfield>
   <subfield code="c">BK</subfield>
  </datafield>
  <datafield tag="952" ind1=" " ind2=" ">
   <subfield code="0">0</subfield>
   <subfield code="1">0</subfield>
   <subfield code="2">ddc</subfield>
   <subfield code="4">0</subfield>
   <subfield code="6">616_800000000000000_H312</subfield>
   <subfield code="7">0</subfield>
   <subfield code="9">15864</subfield>
   <subfield code="a">000001</subfield>
   <subfield code="b">000001</subfield>
   <subfield code="d">2019-02-27</subfield>
   <subfield code="o">616.8 H312</subfield>
   <subfield code="p">MD.14574</subfield>
   <subfield code="r">2019-02-27</subfield>
   <subfield code="v">75000.00</subfield>
   <subfield code="w">2019-02-27</subfield>
   <subfield code="y">BK</subfield>
  </datafield>
  <datafield tag="952" ind1=" " ind2=" ">
   <subfield code="0">0</subfield>
   <subfield code="1">0</subfield>
   <subfield code="2">ddc</subfield>
   <subfield code="4">0</subfield>
   <subfield code="6">616_800000000000000_H312</subfield>
   <subfield code="7">0</subfield>
   <subfield code="9">15865</subfield>
   <subfield code="a">000001</subfield>
   <subfield code="b">000001</subfield>
   <subfield code="d">2019-02-27</subfield>
   <subfield code="o">616.8 H312</subfield>
   <subfield code="p">MD.14575</subfield>
   <subfield code="r">2019-02-27</subfield>
   <subfield code="v">75000.00</subfield>
   <subfield code="w">2019-02-27</subfield>
   <subfield code="y">BK</subfield>
  </datafield>
  <datafield tag="952" ind1=" " ind2=" ">
   <subfield code="0">0</subfield>
   <subfield code="1">0</subfield>
   <subfield code="2">ddc</subfield>
   <subfield code="4">0</subfield>
   <subfield code="6">616_800000000000000_H312</subfield>
   <subfield code="7">0</subfield>
   <subfield code="9">15866</subfield>
   <subfield code="a">000001</subfield>
   <subfield code="b">000001</subfield>
   <subfield code="d">2019-02-27</subfield>
   <subfield code="l">1</subfield>
   <subfield code="o">616.8 H312</subfield>
   <subfield code="p">MD.14576</subfield>
   <subfield code="r">2019-04-19</subfield>
   <subfield code="s">2019-04-06</subfield>
   <subfield code="v">75000.00</subfield>
   <subfield code="w">2019-02-27</subfield>
   <subfield code="y">BK</subfield>
  </datafield>
  <datafield tag="952" ind1=" " ind2=" ">
   <subfield code="0">0</subfield>
   <subfield code="1">0</subfield>
   <subfield code="2">ddc</subfield>
   <subfield code="4">0</subfield>
   <subfield code="6">616_800000000000000_H312</subfield>
   <subfield code="7">0</subfield>
   <subfield code="9">15867</subfield>
   <subfield code="a">000001</subfield>
   <subfield code="b">000001</subfield>
   <subfield code="d">2019-02-27</subfield>
   <subfield code="o">616.8 H312</subfield>
   <subfield code="p">MD.14577</subfield>
   <subfield code="r">2019-02-27</subfield>
   <subfield code="v">75000.00</subfield>
   <subfield code="w">2019-02-27</subfield>
   <subfield code="y">BK</subfield>
  </datafield>
  <datafield tag="952" ind1=" " ind2=" ">
   <subfield code="0">0</subfield>
   <subfield code="1">0</subfield>
   <subfield code="2">ddc</subfield>
   <subfield code="4">0</subfield>
   <subfield code="6">616_800000000000000_H312</subfield>
   <subfield code="7">0</subfield>
   <subfield code="9">15868</subfield>
   <subfield code="a">000001</subfield>
   <subfield code="b">000001</subfield>
   <subfield code="d">2019-02-27</subfield>
   <subfield code="o">616.8 H312</subfield>
   <subfield code="p">MD.14578</subfield>
   <subfield code="r">2019-02-27</subfield>
   <subfield code="v">75000.00</subfield>
   <subfield code="w">2019-02-27</subfield>
   <subfield code="y">BK</subfield>
  </datafield>
  <datafield tag="980" ind1=" " ind2=" ">
   <subfield code="a">Thư viện Trường Đại học Nam Cần Thơ</subfield>
  </datafield>
 </record>
</collection>
